Reservoir Dogs Color-Coded Nicknames Quiz - Statistics

General Stats
  • This quiz has been taken 49 times
  • The average score is 5 of 6
Answer Stats
Actor Movie Name Nickname % Correct
Steve Buscemi -unknown- Mr. Pink
100%
Edward Bunker -unknown- Mr. Blue
94%
Quentin Tarantino -unknown- Mr. Brown
94%
Tim Roth Freddy Newandyke Mr. Orange
92%
Harvey Keitel Larry Dimmick Mr. White
90%
Michael Madsen Vic Vega Mr. Blonde
67%
No matching quizzes found
Score Distribution
Percent of People with Each Score
Percentile by Number Answered
Your Score History
You have not taken this quiz